Teórie demokracie v súčasnom politologickom výskume
Teória demokracie ako jeden z plnohodnotných a kľúčových segmentov politickej vedy a politickej teórie, ktorý sa venuje výskumu demokracie. Analýza základných metodologických a teoretických problémov, ktoré v teóriách demokracie dominujú. Poukázanie na rôzne napätia a pluralitu v teóriach demokracie...
Guardado en:
| Autor principal: | |
|---|---|
| Formato: | Capítulo de libro |
| Lenguaje: | eslovaco |
| Materias: | |
| Etiquetas: |
Sin Etiquetas, Sea el primero en etiquetar este registro!
|
MARC
| LEADER | 00000naa$a2200000$$$4500 | ||
|---|---|---|---|
| 001 | 0273127 | ||
| 005 | 20240502074314.6 | ||
| 041 | 0 | |a slo | |
| 044 | |a SK | ||
| 245 | 1 | 0 | |a Teórie demokracie v súčasnom politologickom výskume |c Michael Augustín |
| 520 | |a Teória demokracie ako jeden z plnohodnotných a kľúčových segmentov politickej vedy a politickej teórie, ktorý sa venuje výskumu demokracie. Analýza základných metodologických a teoretických problémov, ktoré v teóriách demokracie dominujú. Poukázanie na rôzne napätia a pluralitu v teóriach demokracie a z nej vyplývajúcu nejednotnosť pojmov. | ||
| 610 | 2 | 0 | |a demokracia |
| 610 | 2 | 0 | |a politológia |
| 610 | 2 | 0 | |a veda politická |
| 610 | 2 | 0 | |a pojmy |
| 100 | 1 | |a Augustín, Michael, 1991- | |